000 00471cam a22002051 4500
001 sa 68005217
003 DLC
005 20260227112507.0
008 881028s1968 xx 000 0 beno
010 _asa 68005217
035 _a(OCoLC)23577860
040 _aDLC
_cMiU
_dDLC
042 _apremarc
050 0 0 _aPK1718.A365
_bN28
100 1 _aAhmad, Reyazuddin.
245 1 0 _aNārīramana.
260 _c[1968]
300 _a93 p.
_c22 cm.
500 _aRomanized.
999 _c80580
_d80580